Theologiae Dogmaticae
Enregistré dans:
| Auteur principal: | |
|---|---|
| Format: | Livre |
| Langue: | latin |
| Publié: |
Filadelfia
L. Johnson
1839
|
| Édition: | 1a. ed |
| Sujets: | |
| Tags: |
Ajouter un tag
Pas de tags, Soyez le premier à ajouter un tag!
|
MARC
| LEADER | 00000cam a2200000 a 4500 | ||
|---|---|---|---|
| 001 | UCD3518 | ||
| 003 | CL-VaPUC | ||
| 008 | 160609e18390000us |||||||||||||||||lat|d | ||
| 082 | 0 | 4 | |a 241 |b KEN |2 21 |
| 100 | 0 | |a Kenrick, Franciscus Patricius |e author |9 587028 | |
| 245 | 1 | 0 | |a Theologiae Dogmaticae |
| 250 | |a 1a. ed | ||
| 300 | |a t | ||
| 942 | |c BK | ||
| 945 | |d 20160609 22:21:00 |a dcastane | ||
| 260 | |a Filadelfia |b L. Johnson |c 1839 | ||
| 650 | 0 | |a Teología dogmática |9 313198 | |
| 650 | 7 | |a SANTISIMA TRINIDAD |2 CL-VaPUC |9 479104 | |
| 650 | 0 | |a Cristología |9 315091 | |
| 583 | |a last modification |c 20160609 22:21:00 |k Rodrigo Vera | ||
| 999 | |c 364554 |d 364552 | ||
| 952 | |0 0 |1 0 |3 erd |4 0 |6 241_000000000000000_KEN_1839 |7 0 |8 X |9 477910 |a BIBTEO |b BIBTEO |c TEO_FFR |h t.1 |i 5236843 |o 241 KEN 1839 |p 5236843 |r 2024-01-18 |w 2019-11-24 |y BK_X |z Catalogado en:20160609 |k OFM | ||
| 952 | |0 0 |1 0 |3 erd |4 0 |6 241_000000000000000_KEN_1839 |7 0 |8 X |9 477911 |a BIBTEO |b BIBTEO |c TEO_FFR |h t.2 |i 5236851 |o 241 KEN 1839 |p 5236851 |r 2024-01-18 |w 2019-11-24 |y BK_X |z Catalogado en:20160609 |k OFM | ||
| 952 | |0 0 |1 0 |3 erd |4 0 |6 241_000000000000000_KEN_1839 |7 0 |8 X |9 477912 |a BIBTEO |b BIBTEO |c TEO_FFR |h t.3 |i 523686K |o 241 KEN 1839 |p 523686K |r 2024-01-18 |w 2019-11-24 |y BK_X |z Catalogado en:20160609 |k OFM | ||
| 952 | |0 0 |1 0 |3 erd |4 0 |6 241_000000000000000_KEN_1839 |7 0 |8 X |9 477913 |a BIBTEO |b BIBTEO |c TEO_FFR |h t.4 |i 5236878 |o 241 KEN 1839 |p 5236878 |r 2024-01-18 |w 2019-11-24 |y BK_X |z Catalogado en:20160609 |k OFM | ||